Pensions and related benefits

Salvato in:
Dettagli Bibliografici
Autore principale: Trebilcock, David
Altri autori: Reeve, David
Natura: Libro
Lingua:inglese
Pubblicazione: London Chartered Insurance Institute 1988
Edizione:1. ed.
Soggetti:
Tags: Aggiungi Tag
Nessun Tag, puoi essere il primo ad aggiungerne!!

MARC

LEADER 00000nam a2200000 4500
001 c001780
005 20221219121152.9
020 |a 1-85369-010-4 
041 0 |a eng 
044 |a GB 
245 1 0 |a Pensions and related benefits  |c David Trebilcock, David Reeve 
250 |a 1. ed. 
264 1 |a London  |b Chartered Insurance Institute  |c 1988 
300 |a Prer. s. 
610 2 0 |a dôchodky 
610 2 0 |a dôchodky starobné 
610 2 0 |a zabezpečenie sociálne 
610 2 0 |a zamestnávatelia 
610 2 0 |a dane 
610 2 0 |a predpisy právne 
610 2 0 |a Veľká Británia 
100 1 |a Trebilcock, David 
700 1 |a Reeve, David